Movies Quiz

Random Movies or Anime Quiz

Hayao Miyazaki Movies (Slideshow) Quiz Stats

Quiz not verified by Sporcle

Challenge
Share
Tweet
Score 0/11 Timer 02:00
0 Plays Today
% Correct
My Neighbour Totoro
91.7%
Kiki's Delivery Service
84.1%
Princess Mononoke
83.4%
Ponyo
81.4%
Spirited Away
79.7%
Howl's Moving Castle
68.5%
Laputa: Castle in the Sky
64.1%
Porco Rosso
62.2%
Nausicaa of the Valley of the Wind
47.1%
The Wind Rises
33.4%
The Castle of Cagliostro
13.8%

You're not logged in!

Compare scores with friends on all Sporcle quizzes.
Sign Up with Email
OR
Log In

You Might Also Like...

Show Comments

Extras

Top Quizzes Today


Score Distribution

Your Account Isn't Verified!

In order to create a playlist on Sporcle, you need to verify the email address you used during registration. Go to your Sporcle Settings to finish the process.